000 00841nam a2200277 a 4500
008
020 _a063203744x (hbk.)
049 _aMAIN
090 _aRC78.7.U4CLU.
245 0 0 _aClinical diagnostic ultrasound /
_cedited by Grant M. Baxter, Paul L. P. Allan , Patricia Morley.
250 _a2nd ed.
260 _aOxford :
_bBlackwell Science,
_c1999.
300 _axi, 687 p. :
_bill. ;
_c28 cm.
504 _aIncludes bibliographical references.
500 _aIncludes index.
650 0 _aDiagnosis, Ultrasonic.
650 2 _aUltrasonic Diagnosis.
700 1 _aBaxter, Grant M.
700 _aAllan, Paul P.
700 1 _aMorley, Patricia.
907 _a.b10133586
_b06-04-06
_c19-08-04
003
005 20230123133811.0
040 _cNUST
942 _cBOOKS
_kRC78.7.U4CLU.
999 _c154865
_d154865